Programm der Kommission für 1980

Saved in:
Bibliographic Details
Format: Book
Language:German
Published: Brüssel Europäische Gemeinschaft für Kohle und Stahl 1980
Tags: Add Tag
No Tags, Be the first to tag this record!

MARC

LEADER 00000nam a2200000 4500
001 0222887
005 20240822101702.5
041 0 |a ger 
044 |a DE 
245 1 0 |a Programm der Kommission für 1980 
264 1 |a Brüssel  |b Europäische Gemeinschaft für Kohle und Stahl  |c 1980 
300 |a 62 s.